MARC

Tag First Indicator Second Indicator Subfields
LEADER 00000cam a2200000 a 4500
001 in00000908708
005 20150923182753.0
008 881219s1989 ncua b 00110 eng
010 |a  88036730  
020 |a 0807818380 (alk. paper) 
020 |a 0807842478 (pbk. : alk. paper) 
035 |a (OCoLC)18960154 
035 |9 AEM5305AM 
040 |a DLC  |c DLC  |d TXA  |d UtOrBLW 
043 |a n-us-nc  |a n-us-sc 
049 |a TXAM  |c [A13003640] 
050 0 0 |a HC107.N8  |b T85 1989 
082 0 0 |a 338.09756/5  |2 19 
100 1 |a Tullos, Allen,  |d 1950- 
245 1 0 |a Habits of industry :  |b white culture and the transformation of the Carolina Piedmont /  |c Allen Tullos. 
264 1 |a Chapel Hill :  |b University of North Carolina Press,  |c [1989] 
264 4 |c ©1989 
300 |a xvi, 419 pages :  |b illustrations ;  |c 24 cm. 
336 |a text  |b txt  |2 rdacontent 
337 |a unmediated  |b n  |2 rdamedia 
338 |a volume  |b nc  |2 rdacarrier 
490 1 |a The Fred W. Morrison series in Southern studies 
504 |a Bibliography: pages [339]-377. 
500 |a Includes index. 
651 0 |a North Carolina  |x Industries  |x History. 
651 0 |a North Carolina  |x Economic conditions. 
650 0 |a Families  |z North Carolina  |x History. 
651 0 |a North Carolina  |x Social conditions. 
650 0 |a Industries  |z South Carolina  |x History. 
651 0 |a South Carolina  |x Economic conditions. 
650 0 |a Families in literature  |z South Carolina  |x History. 
651 0 |a South Carolina  |x Social conditions. 
830 0 |a Fred W. Morrison series in Southern studies. 
999 |a MARS 
999 f f |s 37259ac4-517f-3047-82ee-2bb40826a140  |i cb00f51c-3329-3e5d-898d-302a6ed77bb5  |t 0 
952 f f |p ric  |a Texas A&M University  |b Rellis Campus  |c Joint Library Facility  |d Remote Storage  |t 0  |e HC107.N8 T85 1989  |h Library of Congress classification  |i unmediated -- volume  |m A14813003640 
998 f f |a HC107.N8 T85 1989  |t 0  |l Remote Storage